000 00377pab a2200157 454500
008 180718b2000 xxu||||| |||| 00| 0 eng d
100 _aDatt, Ruddar
245 _aEducational policy and equity
260 _c2000
300 _ap.4-6
362 _a18 Mar
650 _aIndia - Educational policy
650 _aEducational policy
773 _aYoung Indian
909 _a44184
999 _c44184
_d44184